000 01284 a2200205 4500
001 54777
005 20260407155823.0
008 260407a1964 arg spa d
003 AR-UNSa-BCEJYS
040 _aAR-UNSa-BCEJYS
_bspa
_cAR-UNSa-BCEJYS
080 _a316.42
_xCambio social en sociedades globales. Desarrollo social. Sociología del desarrollo (Desarrollo Humano)
245 1 0 _aLa rebelión de las masas
250 _a38a.ed.
264 1 _aMadrid :
_bRevista de Occidente
_c1964
300 _a370 p.
_c18 cm.
505 _a1. El hecho de las aglomeraciones – 2. La subida del nivel histórico – 3. La altura de los tiempos – 4. El crecimiento de la vida – 5. Un dato estadístico – 6. Comienza la disección del hombre-masa – 7. Vida noble y vida vulgar, o esfuerzo inercia – 8. Por qué las masas intervienen en todo y por qué solo intervienen en todo y por qué solo intervienen violentamente – 9. Primitivismo y técnica – 10. Primitivismo e historia – 11. La época del señorito satisfecho – 12. La barbarie del especialísimo – 13. El mayor peligro el Estado – 14. ¿Quién manda en el mundo? – 15. Se desemboca en la verdadera cuestión.
942 _cBK
590 _aniveau_biblio:m niveau_hierar:0
100 1 _aOrtega y Gasset, José
999 _c5799
_d5799